Forever lost / Franklin W. Dixon.
Frank Hardy has been located. The victims in the past seemed to have been children only, but since Frank was taken, who knows if anyone is safe? Everyone is now a suspect, even Frank.
Record details
- ISBN: 9781442402645
- ISBN: 1442402644
- Physical Description: 153 p. ; 20 cm.
- Edition: 1st Aladdin pbk. ed.
- Publisher: New York : Aladdin, 2011.
Content descriptions
| Target Audience Note: | 008-012. |
Search for related items by subject
| Genre: | Mystery fiction. |
Search for related items by series
| LDR | 01398cam a2200361Ia 4500 | ||
|---|---|---|---|
| 001 | 136651 | ||
| 003 | CONS | ||
| 005 | 20160330115911.0 | ||
| 008 | 100301s2011 nyu j 000 1 eng d | ||
| 010 | . | ‡a 2010933168 | |
| 020 | . | ‡a9781442402645 | |
| 020 | . | ‡a1442402644 | |
| 035 | . | ‡a(CPomAG)LMN564575 | |
| 050 | 4. | ‡aPZ7.D644 ‡bFor 2011 | |
| 082 | 0 | 4. | ‡a[Fic] ‡222 |
| 100 | 1 | . | ‡aDixon, Franklin W. |
| 245 | 1 | 0. | ‡aForever lost / ‡cFranklin W. Dixon. |
| 250 | . | ‡a1st Aladdin pbk. ed. | |
| 260 | . | ‡aNew York : ‡bAladdin, ‡c2011. | |
| 300 | . | ‡a153 p. ; ‡c20 cm. | |
| 520 | . | ‡aFrank Hardy has been located. The victims in the past seemed to have been children only, but since Frank was taken, who knows if anyone is safe? Everyone is now a suspect, even Frank. | |
| 521 | 1 | . | ‡a008-012. |
| 650 | 0. | ‡aHardy Boys (Fictitious characters) ‡vJuvenile fiction. | |
| 650 | 0. | ‡aMissing persons ‡vJuvenile fiction. | |
| 650 | 0. | ‡aBrothers ‡vJuvenile fiction. | |
| 650 | 0. | ‡aCamping ‡vJuvenile fiction. | |
| 650 | 0. | ‡aParks ‡zIdaho ‡vJuvenile fiction. | |
| 651 | 0. | ‡aIdaho ‡vJuvenile fiction. | |
| 655 | 7. | ‡aMystery fiction. ‡2gsafd | |
| 800 | 1 | . | ‡aDixon, Franklin W. ‡tHardy boys undercover brothers ; ‡v#36. |
| 800 | 1 | . | ‡aDixon, Franklin W. ‡tLost mystery trilogy ; ‡v3. |
| 959 | . | ‡i32269000929615 ‡lJF Dix ‡aJuvenile - Fiction ‡tJuv Fiction ‡g16.00 | |
| 852 | . | ‡p32269000929615 ‡jJF Dix ‡gJuvenile - Fiction ‡cJuv Fiction ‡y16.00 ‡bSBPL | |
| 901 | . | ‡a136651 ‡bUnknown ‡c136651 ‡tbiblio | |